[Event "British Rapidplay Championship 2023"]
[Site "Mercure Bradford, Bankfield Hotel"]
[Date "2023.04.16"]
[Round "10.8"]
[White "Zhao, George"]
[Black "Monterde, Angel"]
[Result "1-0"]
[TimeControl "All moves in 15 minutes plus 10 second increment per move from move 1"]
[WhiteElo "1959"]
[BlackElo "1646"]

1. d4 {[%clk 00:15:18]} {[%emt 00:00:02]} e6 {[%clk 00:15:15]} {[%emt
00:00:05]} 2. Nf3 {[%clk 00:15:26]} {[%emt 00:00:02]} b6 {[%clk 00:15:23]}
{[%emt 00:00:01]} 3. g3 {[%clk 00:15:35]} {[%emt 00:00:02]} Bb7 {[%clk
00:15:32]} {[%emt 00:00:01]} 4. Bg2 {[%clk 00:15:44]} Nf6 {[%clk 00:15:35]}
{[%emt 00:00:06]} 5. O-O {[%clk 00:15:52]} {[%emt 00:00:02]} c5 {[%clk
00:15:12]} {[%emt 00:00:34]} 6. dxc5 {[%clk 00:15:45]} {[%emt 00:00:18]} Bxc5
{[%clk 00:15:15]} {[%emt 00:00:06]} 7. a3 {[%clk 00:15:52]} {[%emt 00:00:04]}
a5 {[%clk 00:14:53]} {[%emt 00:00:32]} 8. c4 {[%clk 00:15:48]} {[%emt
00:00:13]} O-O {[%clk 00:14:42]} {[%emt 00:00:21]} 9. Nc3 {[%clk 00:15:52]}
{[%emt 00:00:05]} Ne4 {[%clk 00:13:16]} {[%emt 00:01:36]} 10. Qc2 {[%clk
00:14:53]} {[%emt 00:01:09]} Nxc3 {[%clk 00:07:26]} {[%emt 00:06:01]} 11. Qxc3
{[%clk 00:15:00]} {[%emt 00:00:03]} Nc6 {[%clk 00:07:32]} {[%emt 00:00:05]} 12.
Rb1 {[%clk 00:14:51]} {[%emt 00:00:18]} Qe7 {[%clk 00:07:33]} {[%emt 00:00:09]}
13. Rd1 {[%clk 00:14:45]} {[%emt 00:00:16]} Rac8 {[%clk 00:07:36]} {[%emt
00:00:07]} 14. Ne5 {[%clk 00:13:16]} {[%emt 00:01:39]} Qf6 {[%clk 00:06:15]}
{[%emt 00:01:31]} 15. Nxd7 {[%clk 00:11:10]} {[%emt 00:02:16]} Qxf2+ {[%clk
00:06:21]} {[%emt 00:00:04]} 16. Kh1 {[%emt 00:01:09]} Rfd8 {[%clk 00:05:23]}
17. Bf4 {[%clk 00:10:28]} {[%emt 00:01:01]} e5 {[%clk 00:02:33]} {[%emt
00:03:00]} 18. Nxc5 {[%clk 00:09:51]} {[%emt 00:00:48]} Qxc5 {[%clk 00:02:13]}
{[%emt 00:00:29]} 19. Be3 {[%clk 00:08:25]} {[%emt 00:01:36]} Qe7 {[%clk
00:02:21]} {[%emt 00:00:02]} 20. Bxb6 {[%clk 00:07:55]} {[%emt 00:00:40]} Rd7
{[%clk 00:02:30]} {[%emt 00:00:02]} 21. Rxd7 {[%emt 00:00:55]} Qxd7 {[%clk
00:02:38]} {[%emt 00:00:01]} 22. Qd3 {[%clk 00:07:08]} {[%emt 00:00:12]} Nd4
{[%clk 00:02:20]} {[%emt 00:00:28]} 23. e4 {[%clk 00:06:16]} {[%emt 00:01:02]}
Ba6 {[%clk 00:01:55]} {[%emt 00:00:35]} 24. b3 {[%clk 00:05:56]} {[%emt
00:00:30]} a4 {[%clk 00:01:56]} {[%emt 00:00:09]} 25. Bxd4 {[%clk 00:04:15]}
{[%emt 00:01:51]} exd4 {[%clk 00:02:05]} {[%emt 00:00:02]} 26. Rc1 {[%clk
00:04:11]} {[%emt 00:00:13]} axb3 {[%clk 00:02:06]} {[%emt 00:00:08]} 27. Qxb3
{[%clk 00:04:15]} {[%emt 00:00:07]} d3 {[%clk 00:02:15]} {[%emt 00:00:01]} 28.
Rc3 {[%clk 00:03:00]} {[%emt 00:01:25]} Rxc4 {[%clk 00:01:23]} {[%emt
00:01:01]} 29. Rxc4 {[%clk 00:03:02]} {[%emt 00:00:09]} Bxc4 {[%clk 00:01:32]}
{[%emt 00:00:02]} 30. Qb8+ {[%clk 00:03:09]} {[%emt 00:00:03]} 1-0

[Event "British Rapidplay Championship 2023"]
[Site "Mercure Bradford, Bankfield Hotel"]
[Date "2023.04.16"]
[Round "10.9"]
[White "Johnson, Simon"]
[Black "Sisupalan, Beni"]
[Result "1-0"]
[TimeControl "All moves in 15 minutes plus 10 second increment per move from move 1"]
[WhiteElo "1834"]
[BlackElo "1497"]

1. d4 {[%clk 00:15:18]} {[%emt 00:00:01]} Nf6 {[%clk 00:15:19]} {[%emt
00:00:01]} 2. c4 {[%clk 00:15:26]} {[%emt 00:00:02]} g6 {[%clk 00:15:28]}
{[%emt 00:00:01]} 3. g3 {[%clk 00:15:27]} {[%emt 00:00:10]} Bg7 {[%clk
00:15:36]} {[%emt 00:00:02]} 4. Bg2 {[%clk 00:15:33]} {[%emt 00:00:03]} O-O
{[%clk 00:15:43]} {[%emt 00:00:03]} 5. e4 {[%clk 00:15:37]} {[%emt 00:00:06]}
d6 {[%clk 00:15:51]} {[%emt 00:00:02]} 6. Nf3 {[%clk 00:15:41]} {[%emt
00:00:07]} Nbd7 {[%clk 00:15:53]} {[%emt 00:00:08]} 7. Nc3 {[%clk 00:15:48]}
{[%emt 00:00:02]} c6 {[%clk 00:15:59]} {[%emt 00:00:04]} 8. O-O {[%clk
00:15:53]} {[%emt 00:00:06]} e5 {[%clk 00:16:07]} {[%emt 00:00:02]} 9. Qc2
{[%clk 00:15:25]} {[%emt 00:00:37]} a5 {[%clk 00:15:46]} {[%emt 00:00:32]} 10.
Be3 {[%clk 00:14:49]} {[%emt 00:00:45]} exd4 {[%clk 00:15:01]} {[%emt
00:00:55]} 11. Bxd4 {[%clk 00:14:48]} {[%emt 00:00:12]} Qc7 {[%clk 00:14:47]}
{[%emt 00:00:23]} 12. Rad1 {[%clk 00:14:40]} {[%emt 00:00:17]} Ne5 {[%clk
00:14:08]} {[%emt 00:00:50]} 13. Nxe5 {[%clk 00:14:12]} {[%emt 00:00:39]} dxe5
{[%clk 00:14:14]} {[%emt 00:00:04]} 14. Bc5 {[%clk 00:14:13]} {[%emt 00:00:09]}
Re8 {[%clk 00:14:08]} {[%emt 00:00:15]} 15. Bd6 {[%clk 00:14:15]} {[%emt
00:00:09]} Qb6 {[%clk 00:13:33]} {[%emt 00:00:45]} 16. c5 {[%clk 00:13:45]}
{[%emt 00:00:40]} Qa6 {[%clk 00:13:28]} {[%emt 00:00:15]} 17. Na4 {[%clk
00:13:26]} {[%emt 00:00:28]} Be6 {[%clk 00:13:12]} {[%emt 00:00:27]} 18. b3
{[%clk 00:12:51]} {[%emt 00:00:44]} Ng4 {[%clk 00:11:23]} {[%emt 00:01:59]} 19.
h3 {[%clk 00:12:31]} {[%emt 00:00:30]} Nh6 {[%clk 00:11:26]} {[%emt 00:00:07]}
20. Rfe1 {[%clk 00:12:19]} {[%emt 00:00:21]} f6 {[%clk 00:11:19]} {[%emt
00:00:18]} 21. Bf1 {[%clk 00:11:56]} {[%emt 00:00:32]} Qa7 {[%clk 00:11:04]}
{[%emt 00:00:26]} 22. Nb6 {[%clk 00:11:39]} {[%emt 00:00:29]} Rad8 {[%clk
00:11:00]} {[%emt 00:00:12]} 23. Bc4 {[%clk 00:11:26]} {[%emt 00:00:23]} Bf8
{[%clk 00:07:14]} {[%emt 00:03:56]} 24. Bxe6+ {[%clk 00:11:27]} {[%emt
00:00:10]} Rxe6 {[%clk 00:07:14]} {[%emt 00:00:09]} 25. Qc4 {[%clk 00:11:25]}
{[%emt 00:00:12]} Rde8 {[%clk 00:06:49]} {[%emt 00:00:35]} 26. Bxf8 {[%clk
00:10:22]} {[%emt 00:01:14]} Kxf8 {[%clk 00:06:54]} {[%emt 00:00:04]} 27. Rd7
{[%clk 00:10:22]} {[%emt 00:00:10]} Nf7 {[%clk 00:06:27]} {[%emt 00:00:37]} 28.
Red1 {[%clk 00:09:33]} {[%emt 00:00:59]} R6e7 {[%clk 00:05:42]} {[%emt
00:00:55]} 29. Rxe7 {[%clk 00:09:28]} {[%emt 00:00:16]} Rxe7 {[%clk 00:05:23]}
{[%emt 00:00:29]} 30. Nc8 {[%clk 00:09:12]} {[%emt 00:00:25]} Re8 {[%clk
00:04:47]} {[%emt 00:00:46]} 31. Nxa7 {[%clk 00:09:19]} {[%emt 00:00:03]} Nd8
{[%clk 00:04:10]} {[%emt 00:00:47]} 32. Rd7 {[%clk 00:09:24]} {[%emt 00:00:06]}
Ne6 {[%clk 00:04:13]} {[%emt 00:00:06]} 33. Rxh7 {[%clk 00:09:13]} {[%emt
00:00:21]} g5 {[%clk 00:04:11]} {[%emt 00:00:12]} 34. Rh8+ {[%clk 00:09:21]}
{[%emt 00:00:02]} Ke7 {[%clk 00:04:19]} {[%emt 00:00:02]} 35. Rxe8+ {[%clk
00:09:29]} {[%emt 00:00:03]} Kxe8 {[%clk 00:04:27]} 36. Qxe6+ {[%clk 00:09:37]}
{[%emt 00:00:03]} Kf8 {[%clk 00:04:35]} {[%emt 00:00:01]} 37. Qxf6+ {[%clk
00:09:41]} {[%emt 00:00:06]} Kg8 {[%clk 00:04:42]} {[%emt 00:00:03]} 38. Nc8
{[%clk 00:09:48]} {[%emt 00:00:04]} Kh7 {[%clk 00:04:49]} {[%emt 00:00:02]} 39.
Ne7 {[%clk 00:09:49]} {[%emt 00:00:09]} g4 {[%clk 00:04:56]} {[%emt 00:00:03]}
40. Qg6+ {[%clk 00:09:54]} {[%emt 00:00:05]} Kh8 {[%clk 00:05:05]} {[%emt
00:00:02]} 41. Qg8# {[%clk 00:09:50]} {[%emt 00:00:02]} 1-0

[Event "British Rapidplay Championship 2023"]
[Site "Mercure Bradford, Bankfield Hotel"]
[Date "2023.04.16"]
[Round "10.10"]
[White "Wood, Jack"]
[Black "Jackson, Sheila"]
[Result "1/2-1/2"]
[TimeControl "All moves in 15 minutes plus 10 second increment per move from move 1"]
[WhiteElo "1626"]
[BlackElo "2055"]

1. e4 {[%clk 00:15:15]} {[%emt 00:00:05]} e5 {[%clk 00:15:17]} {[%emt
00:00:04]} 2. f4 {[%clk 00:15:09]} {[%emt 00:00:15]} d5 {[%clk 00:15:24]}
{[%emt 00:00:03]} 3. exd5 {[%clk 00:15:09]} {[%emt 00:00:11]} exf4 {[%clk
00:15:32]} {[%emt 00:00:02]} 4. Nf3 {[%clk 00:15:10]} {[%emt 00:00:08]} Bd6
{[%clk 00:15:35]} {[%emt 00:00:08]} 5. Bc4 {[%clk 00:14:20]} {[%emt 00:01:00]}
Ne7 {[%clk 00:15:21]} {[%emt 00:00:24]} 6. O-O {[%clk 00:14:23]} {[%emt
00:00:07]} O-O {[%clk 00:15:02]} {[%emt 00:00:28]} 7. Nc3 {[%clk 00:14:17]}
{[%emt 00:00:16]} Bg4 {[%clk 00:14:42]} {[%emt 00:00:30]} 8. a3 {[%clk
00:12:54]} {[%emt 00:01:35]} Nd7 {[%clk 00:13:59]} {[%emt 00:00:52]} 9. d4
{[%clk 00:12:22]} {[%emt 00:00:42]} Nb6 {[%clk 00:13:44]} {[%emt 00:00:25]} 10.
Ba2 {[%clk 00:12:07]} {[%emt 00:00:25]} a6 {[%clk 00:13:12]} {[%emt 00:00:42]}
11. Ne4 {[%clk 00:11:35]} {[%emt 00:00:41]} Nbxd5 {[%clk 00:11:44]} {[%emt
00:01:38]} 12. c4 {[%clk 00:08:43]} {[%emt 00:03:03]} Ne3 {[%clk 00:11:46]}
{[%emt 00:00:08]} 13. Bxe3 {[%clk 00:08:49]} {[%emt 00:00:03]} fxe3 {[%clk
00:11:54]} {[%emt 00:00:02]} 14. c5 {[%clk 00:08:55]} {[%emt 00:00:05]} Bf4
{[%clk 00:11:45]} {[%emt 00:00:19]} 15. g3 {[%clk 00:07:35]} {[%emt 00:01:30]}
Bh6 {[%clk 00:11:38]} {[%emt 00:00:16]} 16. Qd3 {[%clk 00:07:08]} {[%emt
00:00:38]} Nd5 {[%clk 00:10:14]} {[%emt 00:01:33]} 17. Ne5 {[%clk 00:06:15]}
{[%emt 00:01:03]} Be6 {[%clk 00:09:05]} {[%emt 00:01:20]} 18. Rf3 {[%clk
00:05:06]} {[%emt 00:01:19]} f5 {[%clk 00:06:01]} {[%emt 00:03:14]} 19. Raf1
{[%clk 00:03:41]} {[%emt 00:01:35]} g6 {[%clk 00:05:23]} {[%emt 00:00:48]} 20.
Nc3 {[%clk 00:03:29]} {[%emt 00:00:22]} c6 {[%clk 00:05:27]} {[%emt 00:00:06]}
21. Nxd5 {[%clk 00:02:38]} {[%emt 00:01:01]} Bxd5 {[%clk 00:05:26]} {[%emt
00:00:11]} 22. Bxd5+ {[%clk 00:02:19]} {[%emt 00:00:29]} Qxd5 {[%clk 00:05:31]}
{[%emt 00:00:04]} 23. Nc4 {[%clk 00:02:17]} {[%emt 00:00:12]} Rae8 {[%clk
00:04:39]} {[%emt 00:01:02]} 24. Nxe3 {[%clk 00:02:19]} {[%emt 00:00:08]} Bxe3+
{[%clk 00:03:05]} {[%emt 00:01:44]} 25. Rxe3 {[%clk 00:02:26]} {[%emt
00:00:03]} Rd8 {[%clk 00:02:12]} {[%emt 00:01:04]} 26. Rd1 {[%clk 00:02:33]}
{[%emt 00:00:02]} Rf7 {[%clk 00:02:15]} {[%emt 00:00:07]} 27. Kf2 {[%clk
00:01:48]} {[%emt 00:00:55]} Rfd7 {[%clk 00:02:18]} {[%emt 00:00:07]} 28. Qb3
{[%clk 00:01:52]} {[%emt 00:00:06]} Kf7 {[%clk 00:01:37]} {[%emt 00:00:51]} 29.
Qxd5+ {[%clk 00:01:32]} {[%emt 00:00:30]} Rxd5 {[%clk 00:01:46]} {[%emt
00:00:02]} 30. Red3 {[%clk 00:01:36]} {[%emt 00:00:05]} Re8 {[%clk 00:01:33]}
{[%emt 00:00:23]} 31. Kf3 {[%clk 00:01:35]} {[%emt 00:00:11]} g5 {[%clk
00:01:35]} {[%emt 00:00:08]} 32. Re3 {[%clk 00:01:20]} {[%emt 00:00:26]} Red8
{[%clk 00:01:28]} {[%emt 00:00:17]} 33. Red3 {[%clk 00:01:23]} {[%emt
00:00:07]} Kf6 {[%clk 00:01:35]} {[%emt 00:00:02]} 34. h3 {[%clk 00:00:56]}
{[%emt 00:00:38]} h6 {[%clk 00:01:41]} {[%emt 00:00:04]} 35. b4 {[%clk
00:01:04]} {[%emt 00:00:02]} Re8 {[%clk 00:01:45]} {[%emt 00:00:06]} 36. Re3
{[%clk 00:01:00]} {[%emt 00:00:13]} Red8 {[%clk 00:01:48]} {[%emt 00:00:08]} 37.
Red3 {[%clk 00:01:08]} {[%emt 00:00:02]} Re8 {[%clk 00:01:51]} {[%emt
00:00:07]} 38. Re3 {[%clk 00:01:15]} {[%emt 00:00:02]} Red8 {[%emt 00:00:14]}
1/2-1/2

[Event "British Rapidplay Championship 2023"]
[Site "Mercure Bradford, Bankfield Hotel"]
[Date "2023.04.16"]
[Round "10.11"]
[White "Chedd, Neil"]
[Black "Coles, Steven F"]
[Result "0-1"]
[TimeControl "All moves in 15 minutes plus 10 second increment per move from move 1"]
[WhiteElo "1663"]
[BlackElo "2108"]

1. d4 {[%clk 00:15:18]} {[%emt 00:00:02]} Nf6 {[%clk 00:15:19]} {[%emt
00:00:01]} 2. e3 {[%clk 00:15:25]} {[%emt 00:00:03]} g6 {[%clk 00:15:22]}
{[%emt 00:00:06]} 3. Bd3 {[%clk 00:15:32]} {[%emt 00:00:03]} Bg7 {[%clk
00:15:30]} {[%emt 00:00:02]} 4. Nf3 {[%clk 00:15:40]} {[%emt 00:00:02]} d6
{[%clk 00:15:36]} {[%emt 00:00:05]} 5. O-O {[%clk 00:15:44]} {[%emt 00:00:05]}
O-O {[%clk 00:15:43]} {[%emt 00:00:03]} 6. Nbd2 {[%clk 00:15:49]} {[%emt
00:00:05]} Re8 {[%clk 00:15:44]} {[%emt 00:00:09]} 7. b3 {[%clk 00:15:43]}
{[%emt 00:00:17]} e5 {[%clk 00:15:46]} {[%emt 00:00:07]} 8. dxe5 {[%clk
00:15:37]} {[%emt 00:00:16]} dxe5 {[%clk 00:15:54]} {[%emt 00:00:02]} 9. e4
{[%clk 00:15:35]} {[%emt 00:00:12]} Nbd7 {[%clk 00:14:31]} {[%emt 00:01:33]} 10.
Ba3 {[%clk 00:13:51]} {[%emt 00:01:55]} Nh5 {[%clk 00:13:30]} {[%emt 00:01:11]}
11. g3 {[%clk 00:13:32]} {[%emt 00:00:29]} Nf8 {[%clk 00:12:48]} {[%emt
00:00:52]} 12. Nc4 {[%clk 00:12:10]} {[%emt 00:01:32]} Bg4 {[%clk 00:12:14]}
{[%emt 00:00:43]} 13. Be2 {[%clk 00:11:58]} {[%emt 00:00:22]} b5 {[%clk
00:11:18]} {[%emt 00:01:07]} 14. Ne3 {[%clk 00:11:09]} {[%emt 00:00:58]} Bd7
{[%clk 00:11:00]} {[%emt 00:00:29]} 15. Nd5 {[%clk 00:09:05]} {[%emt 00:02:14]}
c6 {[%clk 00:10:49]} {[%emt 00:00:20]} 16. Ne3 {[%clk 00:08:57]} {[%emt
00:00:18]} Ne6 {[%clk 00:10:38]} {[%emt 00:00:22]} 17. Bb2 {[%clk 00:07:38]}
{[%emt 00:01:29]} Qc7 {[%clk 00:10:19]} {[%emt 00:00:29]} 18. Ba3 {[%clk
00:07:11]} {[%emt 00:00:37]} Bf8 {[%clk 00:09:54]} {[%emt 00:00:35]} 19. Bb2
{[%clk 00:06:24]} {[%emt 00:00:57]} f6 {[%clk 00:09:46]} {[%emt 00:00:17]} 20.
Nh4 {[%clk 00:05:51]} {[%emt 00:00:43]} Nhg7 {[%clk 00:09:40]} {[%emt
00:00:17]} 21. Ng4 {[%clk 00:05:27]} {[%emt 00:00:33]} Be7 {[%clk 00:09:15]}
{[%emt 00:00:35]} 22. Qd2 {[%clk 00:04:44]} {[%emt 00:00:54]} g5 {[%clk
00:08:08]} {[%emt 00:01:16]} 23. Nh6+ {[%clk 00:04:15]} {[%emt 00:00:38]} Kf8
{[%clk 00:07:41]} {[%emt 00:00:38]} 24. N4f5 {[%clk 00:04:12]} {[%emt
00:00:14]} Nxf5 {[%clk 00:07:31]} {[%emt 00:00:20]} 25. Nxf5 {[%clk 00:04:03]}
{[%emt 00:00:18]} Nc5 {[%clk 00:07:08]} {[%emt 00:00:33]} 26. Bd3 {[%clk
00:03:34]} {[%emt 00:00:39]} Bxf5 {[%clk 00:06:53]} {[%emt 00:00:25]} 27. exf5
{[%clk 00:03:41]} {[%emt 00:00:04]} Rad8 {[%clk 00:06:46]} {[%emt 00:00:17]} 28.
Qe2 {[%clk 00:02:36]} {[%emt 00:01:15]} Nxd3 {[%clk 00:05:41]} {[%emt
00:01:15]} 29. cxd3 {[%clk 00:02:43]} {[%emt 00:00:03]} Qd7 {[%clk 00:05:17]}
{[%emt 00:00:34]} 30. Qe4 {[%clk 00:01:35]} {[%emt 00:01:17]} Qd5 {[%clk
00:04:59]} {[%emt 00:00:28]} 31. Rfd1 {[%clk 00:00:58]} {[%emt 00:00:47]} Rd7
{[%clk 00:04:21]} {[%emt 00:00:49]} 32. Rd2 {[%clk 00:00:42]} {[%emt 00:00:26]}
Qxe4 {[%clk 00:15:10]} {[%emt 00:00:30]} 0-1